<?xml version='1.0' encoding='UTF-8'?>
  <record xmlns="http://www.loc.gov/MARC21/slim">
    <leader>00000ctm a2200000 i 4500</leader>
    <controlfield tag="001">on1125226461</controlfield>
    <controlfield tag="003">OCoLC</controlfield>
    <controlfield tag="005">20240127100239.6</controlfield>
    <controlfield tag="008">191029m17001800ne            001 0 lat d</controlfield>
    <datafield tag="040" ind1=" " ind2=" ">
      <subfield code="a">QGJ</subfield>
      <subfield code="b">eng</subfield>
      <subfield code="e">rda</subfield>
      <subfield code="e">dcrmm</subfield>
      <subfield code="c">QGJ</subfield>
      <subfield code="d">OCLCF</subfield>
      <subfield code="d">OCLCQ</subfield>
      <subfield code="d">OCLCO</subfield>
      <subfield code="d">OCLCL</subfield>
    </datafield>
    <datafield tag="035" ind1=" " ind2=" ">
      <subfield code="a">(OCoLC)1125226461</subfield>
    </datafield>
    <datafield tag="041" ind1="0" ind2=" ">
      <subfield code="a">lat</subfield>
      <subfield code="a">dut</subfield>
    </datafield>
    <datafield tag="043" ind1=" " ind2=" ">
      <subfield code="a">e-ne---</subfield>
    </datafield>
    <datafield tag="100" ind1="1" ind2=" ">
      <subfield code="a">Engelen, E. van,</subfield>
      <subfield code="e">facsimilist.</subfield>
      <subfield code="4">fac</subfield>
    </datafield>
    <datafield tag="245" ind1="1" ind2="0">
      <subfield code="a">Charta et epistolarum praecipue Rheno-Traiectinarum apographa /</subfield>
      <subfield code="c">scripta manu viri doct. E. van Engelen</subfield>
      <subfield code="f">UBU Hs. 1655 (Hs 5 H 40)</subfield>
    </datafield>
    <datafield tag="246" ind1="1" ind2=" ">
      <subfield code="i">Handwritten title pasted on frontispiece:</subfield>
      <subfield code="a">Copyen van oude brieven en merkwaerdigheden ... 13-17 eeuw met afteekeningen van oudheden en zegels</subfield>
    </datafield>
    <datafield tag="264" ind1=" " ind2="0">
      <subfield code="a">[The Netherlands]</subfield>
      <subfield code="c">[between 1700-1800].</subfield>
    </datafield>
    <datafield tag="300" ind1=" " ind2=" ">
      <subfield code="a">255 pages (some pages blank) :</subfield>
      <subfield code="b">drawings, some in color ;</subfield>
      <subfield code="c">190 x 150 mm or smaller (204 x 155 mm)</subfield>
    </datafield>
    <datafield tag="336" ind1=" " ind2=" ">
      <subfield code="a">text</subfield>
      <subfield code="b">txt</subfield>
      <subfield code="2">rdacontent</subfield>
    </datafield>
    <datafield tag="337" ind1=" " ind2=" ">
      <subfield code="a">unmediated</subfield>
      <subfield code="b">n</subfield>
      <subfield code="2">rdamedia</subfield>
    </datafield>
    <datafield tag="338" ind1=" " ind2=" ">
      <subfield code="a">volume</subfield>
      <subfield code="b">nc</subfield>
      <subfield code="2">rdacarrier</subfield>
    </datafield>
    <datafield tag="340" ind1=" " ind2=" ">
      <subfield code="a">Paper</subfield>
      <subfield code="2">rdamat</subfield>
    </datafield>
    <datafield tag="340" ind1=" " ind2=" ">
      <subfield code="d">handwritten</subfield>
    </datafield>
    <datafield tag="500" ind1=" " ind2=" ">
      <subfield code="a">Contains a number of transcriptions of letters by Arnoldus Buchelius.</subfield>
    </datafield>
    <datafield tag="500" ind1=" " ind2=" ">
      <subfield code="a">Annotations in Tiele-Hulshoff: Pag. 73-152 transscriptae sunt ex Buchelii codice, Catal. Tiele n. 983, ordine mutato; and: pag. 219-232 transscriptae sunt ex Buchelii codice 'Monumenta in templis et monasteriis Traiectensibus inventa', exstante in Tabulario civitatis Traiectensis.</subfield>
    </datafield>
    <datafield tag="505" ind1="2" ind2=" ">
      <subfield code="a">Catalogus epistolarum quas possedit Arn. Buchelius -- Arnoldi Buchelii epistolae -- (Arn. Buchelius) Annotata qaedam in Johannem de Beka de episcopis Traiectinis.</subfield>
    </datafield>
    <datafield tag="524" ind1="8" ind2=" ">
      <subfield code="a">Cite as: Universiteitsbibliotheek Utrecht UBU Hs. 1655 (Hs 5 H 40).</subfield>
    </datafield>
    <datafield tag="561" ind1=" " ind2=" ">
      <subfield code="a">Purchase at auction in Enkhuizen in 1849 by P. Beck: "door P. Beck voor mij gekocht uit auctie te Enckhuizen 30-31 Julij 1849 ad f 4.00 opgeld en comm. loon inbegrepen."</subfield>
    </datafield>
    <datafield tag="561" ind1=" " ind2=" ">
      <subfield code="a">Subsequent purchase at auction in 1906: "Anno 1906 codex hic acquisitus est in auctione-Smissaert, catal. n. 934."</subfield>
    </datafield>
    <datafield tag="563" ind1=" " ind2=" ">
      <subfield code="a">Parchment binding.</subfield>
    </datafield>
    <datafield tag="581" ind1=" " ind2=" ">
      <subfield code="a">[P.A. Tiele], Catalogus codicum manu scriptorum Bibliothecae Universitatis Rheno-Trajectinae. II. Trajecti ad Rhenum / Hagae Comitis 1887. p. 104-107.</subfield>
    </datafield>
    <datafield tag="581" ind1=" " ind2=" ">
      <subfield code="a">Manuscrits provenant des collections: Chev. M.P. Smissaert, Chev. Gust. van Havre, Chev. P.H. de la Court, Baron v.d. Bogaerde au Chateau de Heeswijk : autographes : livres d'heures et de la littérature du Moyen Age : documents: généalogie et héraldique ... beaux-arts : albums amicorum. Amsterdam 1906, no. 934</subfield>
    </datafield>
    <datafield tag="650" ind1=" " ind2="0">
      <subfield code="a">Dutch letters.</subfield>
    </datafield>
    <datafield tag="650" ind1=" " ind2="0">
      <subfield code="a">Latin letters, Medieval and modern.</subfield>
    </datafield>
    <datafield tag="650" ind1=" " ind2="0">
      <subfield code="a">Antiquities.</subfield>
    </datafield>
    <datafield tag="650" ind1=" " ind2="0">
      <subfield code="a">Seals (Numismatics)</subfield>
    </datafield>
    <datafield tag="651" ind1=" " ind2="0">
      <subfield code="a">Utrecht (Netherlands)</subfield>
    </datafield>
    <datafield tag="650" ind1=" " ind2="6">
      <subfield code="a">Lettres latines médiévales et modernes (Genre littéraire)</subfield>
    </datafield>
    <datafield tag="650" ind1=" " ind2="6">
      <subfield code="a">Sceaux.</subfield>
    </datafield>
    <datafield tag="650" ind1=" " ind2="7">
      <subfield code="a">Antiquities.</subfield>
      <subfield code="2">fast</subfield>
      <subfield code="0">(OCoLC)fst00810745</subfield>
    </datafield>
    <datafield tag="650" ind1=" " ind2="7">
      <subfield code="a">Dutch letters.</subfield>
      <subfield code="2">fast</subfield>
      <subfield code="0">(OCoLC)fst00899845</subfield>
    </datafield>
    <datafield tag="650" ind1=" " ind2="7">
      <subfield code="a">Latin letters, Medieval and modern.</subfield>
      <subfield code="2">fast</subfield>
      <subfield code="0">(OCoLC)fst00993329</subfield>
    </datafield>
    <datafield tag="650" ind1=" " ind2="7">
      <subfield code="a">Seals (Numismatics)</subfield>
      <subfield code="2">fast</subfield>
      <subfield code="0">(OCoLC)fst01110321</subfield>
    </datafield>
    <datafield tag="651" ind1=" " ind2="7">
      <subfield code="a">Netherlands</subfield>
      <subfield code="z">Utrecht.</subfield>
      <subfield code="2">fast</subfield>
      <subfield code="0">(OCoLC)fst01204609</subfield>
      <subfield code="1">https://id.oclc.org/worldcat/entity/E39QbtfRhdj6hCymtbYFKHV6fY</subfield>
    </datafield>
    <datafield tag="700" ind1="1" ind2=" ">
      <subfield code="a">Buchell, Arend van,</subfield>
      <subfield code="d">1565-1641.</subfield>
      <subfield code="1">https://id.oclc.org/worldcat/entity/E39PBJvt97kGgrhYc6wBHv6BT3</subfield>
    </datafield>
    <datafield tag="700" ind1="1" ind2=" ">
      <subfield code="a">Smissaert, M. P.</subfield>
      <subfield code="q">(Marinus Paulus),</subfield>
      <subfield code="d">1825-1900,</subfield>
      <subfield code="e">former owner.</subfield>
      <subfield code="4">fmo</subfield>
      <subfield code="1">https://id.oclc.org/worldcat/entity/E39PCjHDJPxqWGdtgc69krFxWC</subfield>
    </datafield>
    <datafield tag="700" ind1="1" ind2=" ">
      <subfield code="a">Hooghe, Romeyn de,</subfield>
      <subfield code="d">1645-1708,</subfield>
      <subfield code="e">illustrator.</subfield>
      <subfield code="4">ill</subfield>
      <subfield code="1">https://id.oclc.org/worldcat/entity/E39PBJtGYHYw7kvjkKX4f8HDMP</subfield>
    </datafield>
    <datafield tag="710" ind1="2" ind2=" ">
      <subfield code="a">Universiteit Utrecht.</subfield>
      <subfield code="b">Bibliotheek.</subfield>
      <subfield code="k">Manuscript</subfield>
      <subfield code="n">(1655th)</subfield>
    </datafield>
    <datafield tag="758" ind1=" " ind2=" ">
      <subfield code="i">has work:</subfield>
      <subfield code="a">Charta et epistolarum praecipue Rheno-Traiectinarum apographa UBU Hs. 1655 (Hs 5 H 40) (Text)</subfield>
      <subfield code="1">https://id.oclc.org/worldcat/entity/E39PCGbj8v4B9TKvBt6WrdHpyd</subfield>
      <subfield code="4">https://id.oclc.org/worldcat/ontology/hasWork</subfield>
    </datafield>
  </record>